000 00348nam a22001457a 4500
020 _a978-81-937464-5-5
041 _aENG
100 _aB.R Salvi
245 _aAdvances In Cashew production Technology
260 _aDapoli
_bDBSKKV
_c2018
300 _a428
650 _aGAE
700 _aV.K Patil .P.M Haldankar ,Y,R.Parulekar
856 _uGAE
999 _c3190
_d3190